Self assessment & review PSM and biostatistics (Record no. 3953)

MARC details
000 -LEADER
fixed length control field 00563 a2200169 4500
020 ## - INTERNATIONAL STANDARD BOOK NUMBER
International Standard Book Number 8189581031
Terms of availability 304.00
035 ## - SYSTEM CONTROL NUMBER
System control number B-211112
037 ## - SOURCE OF ACQUISITION
Source of stock number/acquisition RP-BLI-397 / PANSY-07-08:5 / RP-07-08:ENG
090 ## - LOCALLY ASSIGNED LC-TYPE CALL NUMBER (OCLC); LOCAL CALL NUMBER (OCLC)
-- 4036
-- 4036
100 1# - MAIN ENTRY--PERSONAL NAME
Personal name Mishra, Deepak
245 1# - TITLE STATEMENT
Title Self assessment & review PSM and biostatistics
Statement of responsibility, etc by Deepak Mishra
250 ## - EDITION STATEMENT
Edition statement 3rd ed.
260 ## - PUBLICATION, DISTRIBUTION, ETC. (IMPRINT)
Place of publication, distribution, etc Lucknow
Name of publisher, distributor, etc Arora Medical Book Publishers
Date of publication, distribution, etc 2007
300 ## - PHYSICAL DESCRIPTION
Extent xvi, 510 p
Dimensions 26.5 cm (pbk)
942 ## - ADDED ENTRY ELEMENTS (KOHA)
Institution code [OBSOLETE] dpl
Koha item type English Books
Holdings
Withdrawn status Lost status Source of classification or shelving scheme Damaged status Not for loan Collection code Home library Current library Cost, normal purchase price Total Checkouts Barcode Date last seen Copy number Uniform Resource Identifier Cost, replacement price Price effective from Koha item type
    Dewey Decimal Classification     Non-fiction Patel Nagar Patel Nagar 304.00   B-211112 15/09/2008 1 4197 304.00 15/09/2008 English Books

© Delhi Public Library
Hit Counter
free hit counter